000 00698nam a2200217Ii 4500
003 JO-AjNU
008 230606s9999||||xx |||||||||||||| ||und||
020 _a978-0-9538-1756-8
040 _aJO-AjNU
_beng
_erda
_cJO-AjNU
041 _aeng
050 1 4 _aDS154.52.N66.A3.2003
100 3 _aNoo , Queen ,
_eauthor
_93621
245 0 0 _a Leap of faith: memoirs of an unexpected life
250 _a1st ed
264 3 1 _aNew York : Miramax Books, 2003
300 _a468P
_bIncludes index، Includes index
336 _atext
_btxt
_2rdacontent
337 _aunmediated
_bn
_2rdamedia
338 _avolume
_bnc
_2rdacarrier
650 4 _aQueens -- Jordan -- Biography -- Arab-Israeli conflict --
_93622
999 _aE1889
_c1889
_d1889